| 000 | 00826nam a2200253 a 4500 | ||
|---|---|---|---|
| 005 | 20210223130058.0 | ||
| 008 | 061018s2001 000 eng d | ||
| 020 | _a8432310654 | ||
| 035 | _aUPN01000148025 | ||
| 049 | _aCG | ||
| 050 | 4 |
_aDK254 L4 _bS4.4 |
|
| 100 | 1 | _aService, Robert | |
| 245 | 1 | 0 |
_aLenin : _buna biografía / _cRobert Service ; pról. de Manuel Vázquez Montalbán ; tr. José Manuel Alvarez Flores. |
| 260 |
_aMadrid : _bSiglo XXI, _c2001. |
||
| 300 |
_a643 p. : _bil., mapas |
||
| 440 | 0 | _aBiografías | |
| 534 |
_pTítulo original: _tLenin. A biograpby |
||
| 600 | 1 | 4 |
_aLENIN, VLADIMIR ILICH, _d1870-1924 |
| 650 | 4 |
_aREVOLUCIONARIOS - _vBIOGRAFIA _94570 |
|
| 650 | 4 |
_aESTADISTAS - _vBIOGRAFIA _92143 |
|
| 650 | 4 | _aREVOLUCIONARIOS RUSOS | |
| 651 | 4 |
_aRUSIA - _xPOLITICA Y GOBIERNO |
|
| 905 | _aLibro | ||
| 999 |
_c120167 _d120167 |
||